|
|
|
|
| LEADER |
01698nam a2200265 a 4500 |
| 003 |
BD-DhAAL |
| 005 |
20250323141116.0 |
| 008 |
090720s2002 waua b 000 0 eng d |
| 020 |
|
|
|a 9843213394 (pbk.)
|
| 040 |
|
|
|a BD-DhAAL
|d BD-DhAAL
|
| 082 |
0 |
0 |
|a 362.196/9792
|2 21
|
| 245 |
0 |
0 |
|a Developing materials on HIV/AIDS/STIs for low-literate audience /
|c Family Health International (Organization). Implementing AIDS Prevention and Care (IMPACT) Project.; Program for Appropriate Technology in Health.
|
| 260 |
|
|
|a Washington :
|b Family health international (FHI),
|c 2002.
|
| 300 |
|
|
|a x, 155 pages :
|b illustrations ;
|c 27 cm.
|
| 500 |
|
|
|a "December 2002" This manual is based on two prior PATH publications: Developing Health and Family Planning Materials for Low-Literate Audiences: A Guide, by Margot Zimmerman, Nancy Newton, Lena Frumin, and Scott Wittet, and Immunization and Child Health Materials Development Guide, by Elizabet Young, Carol Hooks, Scott Wittet, and Heidi Lasher.
|
| 504 |
|
|
|a Includes bibliographical references.
|
| 526 |
|
|
|x Salim khan
Sr. program Associate
James P. Grant School.
Course name and no. N/A
|
| 541 |
1 |
|
|a A H Development publishing house
|e 00018491
|
| 650 |
|
0 |
|a AIDS (Disease)
|x Prevention.
|9 57996
|
| 650 |
|
0 |
|a HIV infections
|x Prevention.
|9 57997
|
| 710 |
2 |
|
|a FHI (Research Triangle Park, NC).; PATH (Seattle, WA).
|9 57998
|
| 852 |
4 |
|
|a School of Public Health.
|
| 942 |
|
|
|2 ddc
|c BK
|
| 999 |
|
|
|c 2644
|d 2644
|
| 952 |
|
|
|0 0
|1 0
|2 ddc
|4 0
|6 362_196979200000000_DEV
|7 0
|9 2423
|a JPGSPH
|b JPGSPH
|d 2009-07-22
|g 900.00
|l 0
|o 362.1969792 DEV
|p 3060018491
|r 2009-07-22
|t 1
|w 2009-07-22
|y BK
|x Requisitioned by Salim khan, Sr. program Associate, James P. Grant School. Course name and no. N/A
|